|
|
|
|
| LEADER |
00000nab a2200000 a 4500 |
| 001 |
vtls000331096 |
| 003 |
SK-MaSNL |
| 005 |
20260303210656.0 |
| 008 |
111202c1987 xo 0 slo |
| 015 |
|
|
|a SNBRA19rr/mm-uuuuu
|
| 035 |
|
|
|a CL0331218
|
| 040 |
|
|
|a SNKBUCL
|b slo
|c SNKBUCL
|e AACR2
|
| 041 |
0 |
|
|a slo
|
| 044 |
|
|
|a xo
|c SK
|
| 080 |
|
|
|a 621.757:007.52
|2 1981
|
| 080 |
|
|
|a 007.52
|2 1981
|
| 080 |
|
|
|a 658.515
|2 1981
|
| 100 |
1 |
|
|a Bartl, Peter
|4 aut
|9 514641
|
| 245 |
1 |
0 |
|a Automatizované montážne systémy s priemyselnými robotmi
|c Peter Bartl
|
| 300 |
|
|
|b Graf 1., lit. 3 zázn. v slov., češ., angl.
|
| 650 |
0 |
7 |
|a automatická montáž
|2 snkbucl
|9 1242713
|
| 650 |
0 |
7 |
|a priemyselné roboty
|2 snkbucl
|9 31851
|
| 655 |
|
7 |
|a články zo zborníkov
|2 snkbucl
|9 166140
|
| 773 |
0 |
|
|t Zámery štátnych cieľových programov v riešení systémov a zariadení pre manipuláciu a medzioperačnú dopravu
|d Bratislava : Dom techniky ČSVTS, 1987
|g S. 45-49
|
| 850 |
|
|
|a Slovenská národná knižnica v Martine
|a MTA001
|
| 852 |
|
|
|a SNK
|b KIS3GCP
|
| 958 |
|
|
|a RK
|
| 992 |
|
|
|a RZB
|
| 999 |
|
|
|c 2201214
|d 2203144
|